La prescripción extintiva ante la jurisprudencia
Guardat en:
| Autor principal: | |
|---|---|
| Format: | Llibre |
| Idioma: | espanyol |
| Publicat: |
Santiago
Jurídica de Chile
2004
|
| Edició: | 2a. ed |
| Matèries: | |
| Etiquetes: |
Afegir etiqueta
Sense etiquetes, Sigues el primer a etiquetar aquest registre!
|
MARC
| LEADER | 00000nam a2200000 a 4500 | ||
|---|---|---|---|
| 001 | UCK0946 | ||
| 003 | CL-VaPUC | ||
| 008 | 041029e20040000CL |||||||||||||||||spa|d | ||
| 020 | |a 9561015641 | ||
| 082 | 0 | 4 | |a 346.8302 |b RIO |2 21 |
| 100 | 0 | |a Ríoseco Enríquez, Emilio |e author |9 488740 | |
| 245 | 1 | 3 | |a La prescripción extintiva ante la jurisprudencia |
| 250 | |a 2a. ed | ||
| 300 | |a 157 p | ||
| 942 | |c BK | ||
| 945 | |d 20041029 00:00:00 |a cmena | ||
| 260 | |a Santiago |b Jurídica de Chile |c 2004 | ||
| 650 | 0 | |a Contratos |9 255153 | |
| 650 | 0 | |a Obligaciones contractuales |9 386117 | |
| 650 | 7 | |a EXTINCION DE LAS OBLIGACIONES |2 CL-VaPUC |9 398983 | |
| 583 | |a last modification |c 20041029 00:00:00 |k Rodrigo Vera | ||
| 999 | |c 311093 |d 311091 | ||
| 952 | |0 0 |1 0 |4 0 |6 346_830200000000000_RIO_2004 |7 0 |8 A |9 380307 |a BIBDER |b BIBDER |d 2019-11-21 |i 4074122 |o 346.8302 RIO 2004 |p 4074122 |r 2023-01-25 |w 2019-11-21 |y BK |k DER | ||